Լիպարիտ Սարգսյան : (Record no. 203717)
[ view plain ]
| 000 -LEADER | |
|---|---|
| fixed length control field | 01370nam a2200277 a 4500 |
| 001 - CONTROL NUMBER | |
| control field | 000542357 |
| 003 - CONTROL NUMBER IDENTIFIER | |
| control field | AM-YeHGA |
| 005 - DATE AND TIME OF LATEST TRANSACTION | |
| control field | 20250618073019.0 |
| 008 - FIXED-LENGTH DATA ELEMENTS--GENERAL INFORMATION | |
| fixed length control field | 070622s2007 ai a|||gr|||||||||0darm|d |
| 020 ## - INTERNATIONAL STANDARD BOOK NUMBER | |
| Canceled/invalid ISBN | 978-99941-997-5-4 |
| 040 ## - CATALOGING SOURCE | |
| Original cataloging agency | AM-YeHGA |
| 041 0# - LANGUAGE CODE | |
| Language code of text/sound track or separate title | arm |
| 090 ## - LOCALLY ASSIGNED LC-TYPE CALL NUMBER (OCLC); LOCAL CALL NUMBER (RLIN) | |
| -- | 205212 |
| 245 00 - TITLE STATEMENT | |
| Title | Լիպարիտ Սարգսյան : |
| Remainder of title | Ես էլ՝ իմ ճամփով : Կենսամատենագիտություն / |
| Statement of responsibility, etc. | Կազմ.՝ Գ. Եդիգարյան ; Խմբ.՝ Հ. Կարապետյան ; "Հայ դպրություն" ՀԿ ; Եր. Ավ. Իսահակյանի անվ. կենտր. գրադ. |
| 260 ## - PUBLICATION, DISTRIBUTION, ETC. | |
| Place of publication, distribution, etc. | Երևան : |
| Name of publisher, distributor, etc. | Հանրագիտարան-Արմենիկա, |
| Date of publication, distribution, etc. | 2007. |
| 300 ## - PHYSICAL DESCRIPTION | |
| Extent | 170 էջ : |
| Other physical details | նկ. ; |
| Dimensions | 20 սմ. |
| 504 ## - BIBLIOGRAPHY, ETC. NOTE | |
| Bibliography, etc. note | Ցանկեր, էջ՝ 138-169 |
| 600 14 - SUBJECT ADDED ENTRY--PERSONAL NAME | |
| Personal name | Սարգսյան, Լիպարիտ Տիգրանի, |
| Dates associated with a name | 1938-2023 |
| 9 (RLIN) | 1060 |
| 650 14 - SUBJECT ADDED ENTRY--TOPICAL TERM | |
| Topical term or geographic name entry element | Կենսամատենագիտություն |
| 9 (RLIN) | 5656 |
| 700 1# - ADDED ENTRY--PERSONAL NAME | |
| Personal name | Եդիգարյան, Գայանե |
| Relator term | կազմ. |
| Relationship | com |
| 700 1# - ADDED ENTRY--PERSONAL NAME | |
| Personal name | Կարապետյան, Հասմիկ |
| Relator term | խմբ. |
| Relationship | edt |
| 710 2# - ADDED ENTRY--CORPORATE NAME | |
| Corporate name or jurisdiction name as entry element | Երևանի Ավ. Իսահակյանի անվան կենտրոնական գրադարան |
| 710 2# - ADDED ENTRY--CORPORATE NAME | |
| Corporate name or jurisdiction name as entry element | "Հայ դպրություն" հասարակական կազմակերպություն |
| 710 2# - ADDED ENTRY--CORPORATE NAME | |
| Corporate name or jurisdiction name as entry element | "Հայ դպրություն" հասարակական կազմակերպություն |
| 942 ## - ADDED ENTRY ELEMENTS (KOHA) | |
| Source of classification or shelving scheme | Universal Decimal Classification |
| Koha item type | Գրքեր / Books |
| Withdrawn status | Lost status | Damaged status | Not for loan | Collection | Home library | Current library | Date acquired | Cost, normal purchase price | Shelving control number | Total checkouts | Full call number | Barcode | Date last seen | Price effective from | Koha item type | Public note |
|---|---|---|---|---|---|---|---|---|---|---|---|---|---|---|---|---|
| General | Fundamental Scientific Library | Fundamental Scientific Library | 28/12/2016 | 1000.00 | AII/92317 | 220092317 | 28/12/2016 | 28/12/2016 | Գրքեր / Books | 30 Days Loan | ||||||
| General | Fundamental Scientific Library | Fundamental Scientific Library | 28/12/2016 | 1000.00 | AII/92318 | 220092318 | 28/12/2016 | 28/12/2016 | Գրքեր / Books | 30 Days Loan |
ՀՀ Գիտությունների ազգային ակադեմիայի հիմնարար գիտական գրադարան = Fundamental Scientific Library of NAS RA
All site content, except where otherwise noted, is licensed under a